| 000 | 00870nam a2200265Ia 4500 | ||
|---|---|---|---|
| 003 | OSt | ||
| 005 | 20220923211223.0 | ||
| 006 | a|||||r|||| 00| 0 | ||
| 007 | ta | ||
| 008 | 220922b |||||||| |||| 00| 0 hin d | ||
| 020 |
_a9788170168447 (hbk) _c300 |
||
| 024 | _a234,348 | ||
| 037 |
_b456, 24/03/2008, Swaraj Prakashan _cTextual |
||
| 040 |
_aARTS _cARTS _bhin |
||
| 041 |
_2hin _ahin |
||
| 082 | _aO152,3NYA,AK, P7 | ||
| 100 |
_aयादव, उषा _9159908 |
||
| 245 | 0 | _aअमावस की रात | |
| 246 | _aAmāvas kī rāta | ||
| 260 |
_aनई दिल्ली _b किताब घर _c2007 |
||
| 300 |
_a270पृ. _ccm. |
||
| 650 |
_aहिन्दी साहित्य _9156264 |
||
| 942 |
_hO152,3NYA,AK, P7 _cTEXL _2CC |
||
| 999 |
_c297184 _d297184 |
||